Biblioteka Instytutu Północnego w Olsztynie

Kontrwywiad kresowy : (Rekord nr 27869)

Szczegóły MARC
000 -Nagłówek
fixed length control field 02672cam a2200565 i 4500
001 - Nr kontrolny bibl., która utworzyła rek.
control field xx004908596
003 - Siglum bibl., której nr kontr. jest w 001
control field NUKAT
005 - Data i czas ostatniej operacji
control field 20260429131602.0
008 - Elementy pola stałej długości
fixed length control field 200716s2020 pl a |001 0 pol c
020 ## - ISBN
ISBN 9788380988699
dopowiedzenie (oprawa twarda) :
warunki dostępności zł 40,00
035 ## - Systemowy numer kontrolny
systemowy numer kontrolny (OCoLC)1413862040
035 ## - Systemowy numer kontrolny
systemowy numer kontrolny (NUKAT)xx004908596
040 ## - Instytucja sporządzająca opis
Instytucja, która sporządziła opis KAT U/MB
język katalgowania-trzyzn. kod pol
zasady opisu rda
Instytucja, która sporządziła rekord KAT U/MBs
Instytucja, która zmodyfikowała rekord KAT U/DB
-- POZN U/EMs
-- WR O/PC
-- OLSZT 008/bak
045 2# - Okres czasu dla zawartości
czas między r. 9999 pne a nasz. czas. d1921
-- d1939
046 ## - Kod rodz. daty, data1, data2 (daty pne)
Begin/single date 2020
100 1# - Hasło główne-nazwa osobowa
Nazwa osobowa Oleszkowicz, Ryszard
Daty biograficzne (1969- ).
rodzaj współpracy Autor
9 (RLIN) 40886
245 10 - Tytuł właściwy i oznaczenie odpow.
tytuł Kontrwywiad kresowy :
dodatek do tytułu działalność polskiego kontrwywiadu wojskowego na obszarze Dowództwa Okręgu Korpusu nr IX w Brześciu nad Bugiem w okresie międzywojennym /
dod. inf. ze s. tyt./ozn. odpow. Ryszard Oleszkowicz ; Instytut Pamięci Narodowej - Komisja Ścigania Zbrodni przeciwko Narodowi Polskiemu.
260 ## - Adres wydawniczy
miejsce wydania, dystrybucji itp. Kraków ;
-- Warszawa :
nazwa wydawcy, dystrybutora itp. Instytut Pamięci Narodowej,
data wydania, dystrybucji itp. 2020.
300 ## - Opis fizyczny
objętość i/lub forma materiału 470, [1] strona, [7] stron tablic kolorowych :
inne szczegóły opisu fizycznego ilustracje ;
format 25 cm.
336 ## - Content Type
Term Tekst
Code txt
Source rdacontent
337 ## - Media Type
Term Bez urządzenia pośredniczącego
Code n
Source rdamedia
338 ## - Carrier Type
Term Wolumin
Code nc
Source rdacarrier
380 ## - Form of work
Form of work Książki
380 ## - Form of work
Form of work Publikacje naukowe
388 1# - TIME PERIOD OF CREATION
Time period of creation term 2001-
490 1# - Tytuł serii i ks. wielotom.-nie do wysz.
oznaczenie serii Monografie ;
numer woluminu t. 151
504 ## - Uwaga o bibliografii
uwaga o bibliografii Bibliografia na stronach 403-438. Indeksy.
610 27 - Hasło przedmiotowe-nazwa ciała zbior.
nazwa ciała zbior. lub geogr. Dowództwo Okręgu Korpusu Nr IX (Wojsko Polskie ; 1918-1939)
źródło hasła DBN
9 (RLIN) 40887
610 17 - Hasło przedmiotowe-nazwa ciała zbior.
nazwa ciała zbior. lub geogr. Polska.
nazwa jednostki podrzędnej Wojsko Polskie (1918-1939).
-- Okręg Korpusu nr IX (Brześć).
źródło hasła kaba
9 (RLIN) 40888
610 17 - Hasło przedmiotowe-nazwa ciała zbior.
nazwa ciała zbior. lub geogr. Polska.
nazwa jednostki podrzędnej Wojsko Polskie (1918-1939).
-- Sztab Główny.
-- Oddział II.
źródło hasła kaba
9 (RLIN) 23040
648 #7 - SUBJECT ADDED ENTRY--CHRONOLOGICAL TERM
Chronological term 1901-2000
Source of heading or term DBN
9 (RLIN) 34996
648 #7 - SUBJECT ADDED ENTRY--CHRONOLOGICAL TERM
Chronological term 1918-1939
Source of heading or term DBN
9 (RLIN) 36041
650 #7 - Hasło przedmiotowe-nazwa pospolita
nazwa pospolita lub geogr. Dywersja
źródło hasła DBN
9 (RLIN) 40889
650 #7 - Hasło przedmiotowe-nazwa pospolita
nazwa pospolita lub geogr. Kontrwywiad polski
źródło hasła DBN
9 (RLIN) 40890
650 #7 - Hasło przedmiotowe-nazwa pospolita
nazwa pospolita lub geogr. Kontrwywiad wojskowy
źródło hasła DBN
9 (RLIN) 40891
650 #7 - Hasło przedmiotowe-nazwa pospolita
nazwa pospolita lub geogr. Szpiegostwo
źródło hasła DBN
9 (RLIN) 40892
650 #7 - Hasło przedmiotowe-nazwa pospolita
nazwa pospolita lub geogr. Wywiad
źródło hasła DBN
9 (RLIN) 40893
650 #7 - Hasło przedmiotowe-nazwa pospolita
nazwa pospolita lub geogr. Służby wywiadowcze wojskowe
określnik geograficzny Polska
określnik chronologiczny 1900-1945.
źródło hasła kaba
9 (RLIN) 40894
650 #7 - Hasło przedmiotowe-nazwa pospolita
nazwa pospolita lub geogr. Służby wywiadowcze wojskowe
określnik geograficzny Białoruś
-- Brześć
określnik chronologiczny 1900-1945.
źródło hasła kaba
9 (RLIN) 40895
650 #7 - Hasło przedmiotowe-nazwa pospolita
nazwa pospolita lub geogr. Bezpieczeństwo państwa
określnik geograficzny Polska
określnik chronologiczny 1900-1945.
źródło hasła kaba
9 (RLIN) 11540
651 #7 - Hasło przedmiotowe-nazwa geogr.
nazwa geograficzna Kresy wschodnie Rzeczypospolitej
źródło hasła DBN
9 (RLIN) 36023
651 #7 - Hasło przedmiotowe-nazwa geogr.
nazwa geograficzna Polska
źródło hasła DBN
9 (RLIN) 35076
655 #7 - Termin określający rodzaj/formę
rodzaj/forma Monografia
źródło terminu DBN
9 (RLIN) 35240
658 ## - Nazwa określająca cel programu nauczania
główny cel programu nauczania Bezpieczeństwo i wojskowość
658 ## - Nazwa określająca cel programu nauczania
główny cel programu nauczania Historia
710 2# - Hasło dodatkowe - nazwa ciała zbior.
nazwa ciała zbior. lub nazwa geogr. Instytut Pamięci Narodowej - Komisja Ścigania Zbrodni przeciwko Narodowi Polskiemu.
rodzaj współpracy Instytucja sprawcza
-- Wydawca
kod rodzaju współpracy pbl
9 (RLIN) 11792
830 #0 - Hasło dod. serii i op. ks. wielotom. -tyt
tytuł Monografie - Instytut Pamięci Narodowej - Komisja Ścigania Zbrodni przeciwko Narodowi Polskiemu
oznaczenie tomu t. 151
9 (RLIN) 11794
920 ## - ISBN
ISBN 978-83-8098-869-9 (oprawa twarda) : zł 40,00
942 ## - ADDED ENTRY ELEMENTS (KOHA)
Source of classification or shelving scheme Dewey Decimal Classification
Koha item type pozycje dostępne na miejscu
Egzemplarze
Status wycofania Status zagubienia Klasyfikacja Status uszkodzenia Blokada wypożyczeń Kolekcja Lokalizacja macierzysta Lokalizacja bieżąca Data nabycia Numer akcesji Źródło akcesji Cena Nr inwentarzowy il. wypożyczeń Sygnatura Kod kreskowy Date last seen Price effective from Typ egz.
    Dewey Decimal Classification nieuszkodzona   książka w magazynie Biblioteka Instytutu Północnego w Olsztynie Biblioteka Instytutu Północnego w Olsztynie 30/11/2020 D-36/2020 dar 40.00 59972   59972 IPWK24076 29/04/2026 29/04/2026 pozycje dostępne na miejscu
Biblioteka Instytutu Północnego, ul. Partyzantów 87, 10-402 Olsztyn, email: biblioteka(at)ip.olsztyn.pl